NBA Draft Picks by Team - Statistics

General Stats
  • This quiz has been taken 65 times
  • The average score is 10 of 10
Answer Stats
Hint Answer % Correct
Derrick Rose Chicago Bulls
100%
Lebron James Cleveland Cavaliers
100%
Kyrie Irving Cleveland Cavaliers
100%
Yao Ming Houston Rockets
100%
Anthony Edwards Minnesota Timberwolves
100%
Shaquille O'Neal Orlando Magic
100%
Allen Iverson Philadelphia 76ers
100%
Victor Wembanyama San Antonio Spurs
100%
John Wall Washington Wizards
96%
Blake Griffin Los Angeles Clippers
95%
No matching quizzes found
Score Distribution
Percent of People with Each Score
Percentile by Number Answered
Your Score History
You have not taken this quiz